Object-oriented software /
Na minha lista:
| Main Authors: | , , |
|---|---|
| Formato: | Livro |
| Idioma: | inglês |
| Publicado em: |
Reading :
Addison-Wesley,
1990
|
| Tags: |
Sem tags, seja o primeiro a adicionar uma tag!
|
MARC
| LEADER | 00000nam a22000003a 4500 | ||
|---|---|---|---|
| 001 | stu2404 | ||
| 005 | 20201005123540.9 | ||
| 008 | 921005s1990----xxu-----------------eng-d | ||
| 040 | |a STU |b slo | ||
| 041 | 0 | |a eng | |
| 044 | |a xxu | ||
| 080 | |a 681.32.06 | ||
| 080 | |a 519.68 | ||
| 100 | 1 | |a Winblad, Ann L |4 aut | |
| 245 | 1 | |a Object-oriented software / |c [aut.] Winblad,Ann L.; Edwards,Samuel D.; King,David R | |
| 260 | |a Reading : |b Addison-Wesley, |c 1990 | ||
| 300 | |a 291 s | ||
| 700 | 1 | |a Edwards, Samuel D |4 aut | |
| 700 | 1 | |a King, David R |4 aut | |
| 996 | |b 284IZ00601 |c I*21OD4275 |l II680 |s A |a 24 |w stu2404_0001 | ||